| 000 | 00802nam a2200217Ia 4500 | ||
|---|---|---|---|
| 999 |
_c36140 _d36140 |
||
| 001 | 2040 | ||
| 003 | GE_BSU | ||
| 005 | 20221007105935.0 | ||
| 008 | 181216s2007ru xx |||||||||||||| ||rus|| | ||
| 020 | _a9785365008687 | ||
| 040 | _cGE_BSU | ||
| 080 | _a341.9(075.8) М-43 | ||
| 245 |
_aМеждународное коммерческое право : _bУч-е пособие / _cПод общ. В.Ф. Попондопуло |
||
| 250 | _a2-е изд. стереот. | ||
| 264 |
_aМосква : _bОмега-Л, _c2007 |
||
| 300 |
_a472 стр.: _b 21см. |
||
| 653 | _aМеждународное коммерческое право | ||
| 653 | _aსაერთაშორისო ბიზნეს სამართალი | ||
| 653 | _a სამართალი | ||
| 942 |
_cBK _2udc |
||